Z jedného cesta, a každý má svoju cestu Evidovali ho ako dve osoby

Bibliographic Details
Main Author: Čižmáriková, Katarína (Author)
Corporate Author: Galéria Júliusa Jakobyho (Košice, Slovensko) (Author)
Format: Article
Language:Slovak
Subjects:

MARC

LEADER 00000nab a2200000 a 4500
001 vtls000894174
003 SK-MaSNL
005 20260303233533.0
008 040720e19951006xo 0 slo
035 |a KE3208 
040 |a KEVKJB  |b slo  |c KEVKJB  |e AACR2 
041 0 |a slo 
044 |a xo  |c SK 
080 |a 75.071.1  |2 1981 
080 |a 061.4  |2 1981 
080 |a 929  |2 1981 
100 1 |a Čižmáriková, Katarína  |4 aut  |9 268712 
245 1 0 |a Z jedného cesta, a každý má svoju cestu  |b Evidovali ho ako dve osoby 
590 |a Makara, Štefan 1925-,  |b maliar, režisér 
590 |a Makarová, Alexandra  |b košická maliarka pôsobiaca vo Viedni 
600 1 7 |a Makara, Štefan,  |d 1925-2005,   |2 KEVKJB  |9 159874 
600 1 7 |a Makarová, Alexandra  |2 KEVKJB  |9 45492 
610 2 7 |a Galéria Júliusa Jakobyho (Košice, Slovensko)  |2 KEVKJB  |9 29565 
610 2 7 |a Abovská galéria Júliusa Jakobyho (Košice, Slovensko)  |2 KEVKJB  |9 29582 
650 0 7 |a maliarstvo  |2 KEVKJB  |9 812 
650 0 7 |a obrazy  |2 KEVKJB  |9 29735 
650 0 7 |a výstavy  |2 KEVKJB  |9 2780 
651 7 |a Košice (Slovensko)  |2 KEVKJB  |9 18694 
651 7 |a KE,  |2 KEVKJB  |9 877256 
651 7 |a KE,  |2 KEVKJB  |9 877256 
655 7 |a periodikum  |2 snkbucl  |9 29553 
710 2 |a Galéria Júliusa Jakobyho (Košice, Slovensko)  |4 aut  |9 29565 
773 0 8 |t Korzo  |g Roč. 2  |g Roč. 28, č.231, 6.10.1995, s. 15 
852 |a ZVYKNI  |b KIS3GCP 
999 |c 2515721  |d 2517651